000
00279nam a2200121Ia 4500
008
191201s2014 xx 000 0 und d
100
_a
KHURANA, P.K.
245
0
_a
Export Management
260
_a
N. delhi
_b
Galgotia pub
_c
2014
300
_a
681
650
_a
BBA
942
_2
ddc
_c
BK
999
_c
6205
_d
6205